000 00537nam a22001815i 4500
001 171826
003 ES-MaACL
005 20230906214736.0
008 090602s1923 fr |||| | fre d
100 1 _aSolomon, Iser.
_9140449
245 1 3 _aLa radiothérapie profonde /
_cIser Solomon.
260 _aParis :
_bMasson et cie,
_c1923.
300 _aVI, 152 p. ;
_c20 cm.
490 1 _aMédecine et chirurgie pratiques
830 0 _aMédecine et chirurgie pratiques
_9189041
852 _aES-MaACL
_jB-11703
999 _c171826
_d171826